| 000 | 00625cam a22002055a 4500 | ||
|---|---|---|---|
| 001 | L141418 | ||
| 008 | 071122s1966 xxk f 000 0deng d | ||
| 035 | _a(Sirsi) u141418 | ||
| 041 | 0 | _aeng | |
| 050 | 0 | 4 | _a920 $2 18 |
| 110 | 2 |
_aRogers, Chapman and Thomas _95394 |
|
| 245 | 0 | 0 |
_aRogers, Chapman and Thomas _b1866-1966 |
| 260 |
_a[Great Britain] _bs.n. _c[1966] |
||
| 300 |
_a23 p. _c21 cm. |
||
| 520 | _aA history of the firm of Rogers, Chapman and Thomas. Includes a list of partners of the firm from 1866 to 1966. | ||
| 520 | _aTitle from cover. | ||
| 651 | 4 |
_aUnited Kingdom _y |
|
| 690 | _aPROPERTY | ||
| 942 | _n0 | ||
| 999 |
_c107652 _d107652 |
||